|
|
|
|
| LEADER |
00000nam a22000005a 4500 |
| 001 |
vtls008184000 |
| 003 |
SK-MaSNL |
| 005 |
20260426014628.0 |
| 008 |
050713s2003 xo a g 000 0dslo |
| 015 |
|
|
|a SNBE2007/01-00075
|
| 020 |
|
|
|a 8089023320
|
| 040 |
|
|
|a SNK
|b slo
|c SNK
|e AACR2
|
| 041 |
0 |
|
|a slo
|
| 043 |
|
|
|a e-xo---
|
| 044 |
|
|
|a xo
|c SK
|
| 072 |
|
7 |
|a 027
|x Univerzálne knižnice. Verejné knižnice
|2 konspekt
|
| 080 |
|
|
|a 027.54
|2 2001
|
| 080 |
|
|
|a (437.6)
|2 2001
|
| 080 |
|
|
|a (084.12)
|2 2001
|
| 245 |
0 |
0 |
|a Slovenská národná knižnica
|c [autor textu] Augustín Maťovčík
|
| 250 |
|
|
|a [1. vyd.]
|
| 260 |
|
|
|a Martin
|b Slovenská národná knižnica
|c 2003
|
| 300 |
|
|
|a 1 skladačka ([6] s.)
|b ilustr.
|c 21 x 30 cm po zložení 21 x 10 cm
|
| 610 |
2 |
7 |
|a Slovenská národná knižnica
|2 SNKKA
|9 30663
|
| 650 |
0 |
7 |
|a národné knižnice
|2 SNKPH
|9 66320
|
| 650 |
0 |
7 |
|a dejiny knižníc
|2 SNKPH
|9 60304
|
| 651 |
|
7 |
|a Martin (Slovensko)
|2 SNKPH
|9 16875
|
| 655 |
|
7 |
|a skladačky
|2 SNKPH
|9 70683
|
| 655 |
|
7 |
|a prospekty
|2 SNKPH
|9 62175
|
| 700 |
1 |
|
|a Maťovčík, Augustín,
|d 1937-
|4 aut
|9 98490
|
| 919 |
|
|
|a 80-89023-32-0
|
| 999 |
|
|
|c 1163469
|d 1165399
|
| 952 |
|
|
|a SNK
|b SNK
|y PREZ
|7 0
|p 17A0479269
|o snkOSC 23187
|i snk2005/12086
|8 0
|0 0
|1 0
|4 0
|d 2005-07-13
|l 0
|r 2026-02-24 20:40:29
|w 2026-02-24
|
| 952 |
|
|
|a SNK
|b SNK
|y PREZ
|7 0
|p 17A0479270
|o snkOSC 23187 D1
|i snk2005/12088
|8 0
|0 0
|1 0
|4 0
|d 2005-07-13
|l 0
|r 2026-02-24 20:40:29
|w 2026-02-24
|